Del amor y otros demonios / (Registro nro. 30489)

Detalles MARC
000 -LÍDER
campo de control de longitud fija 00937nam a2200241Ia 4500
003 - IDENTIFICADOR DE NÚMERO DE CONTROL
campo de control OSt
005 - FECHA Y HORA DE LA ÚLTIMA
campo de control 20250414150157.0
008 - ELEMENTOS DE DATOS DE LONGITUD FIJA - INFORMACIÓN GENERAL
campo de control de longitud fija 191128s2014 ck er 000 f spa d
020 ## - NÚMERO INTERNACIONAL NORMALIZADO DEL LIBRO
Número de libro estándar internacional 9580427402
037 ## - FUENTE DE ADQUISICIÓN
Materials specified Donación
040 ## - FUENTE DE CATALOGACIÓN
Agencia de catalogación original CO-JMCR
Agencia de transcripción CO-JMCR
Agencia modificadora CO-JMCR
Convenciones de descripción rda
041 ## - CÓDIGO DE IDIOMA
Código de idioma del texto/pista de sonido o título independiente spa
082 04 - NÚMERO DE CLASIFICACIÓN DECIMAL DEWEY
Número de clasificación A-N
Número de artículo GARd1
100 1# - ENTRADA PRINCIPAL - NOMBRE PERSONAL
Nombre personal García Márquez, Gabriel
Término relativo autor
9 (RLIN) 3169
245 10 - DECLARACIÓN DEL TÍTULO
Título Del amor y otros demonios /
Declaración de responsabilidad, etc. Gabriel García Márquez
260 ## - PUBLICACIÓN, DISTRIBUCIÓN, ETC.
Lugar de publicación, distribución, etc. Bogotá :
Nombre del editor, distribuidor, etc. Editorial norma,
Fecha de publicación, distribución, etc. 1994
300 ## - DESCRIPCIÓN FÍSICA
Medida 198 Páginas ;
Dimensiones 21 cm.
520 ## - RESUMEN, ETC.
Resumen, etc "La inspiración para escribir este libro le llegó a García Márquez con una insólita noticia que tuvo que cubrir como periodista. «Un perro cenizo con un lucero en la frente irrumpió en los vericuetos del mercado el primer domingo de diciembre, revolcó mes
521 ## - NOTA PARA EL PÚBLICO OBJETIVO
Nota de público objetivo Adultos
650 04 - ENTRADA AÑADIDA DE ASUNTO - TÉRMINO TEMÁTICO
Fuente del encabezado o término Novela colombiana
9 (RLIN) 7005
650 04 - ENTRADA AÑADIDA DE ASUNTO - TÉRMINO TEMÁTICO
Fuente del encabezado o término Demonología
Subdivisión de formulario literatura
9 (RLIN) 43127
942 ## - ELEMENTOS DE ENTRADA AÑADIDOS (KOHA)
Source of classification or shelving scheme Dewey Decimal Classification
Tipo de artículo Koha Books
999 ## -
-- 30489
-- 16873
Existencias
Estado retirado